Logo BPK

Biblioteka

Politechniki Koszalińskiej

Landscaping with nature : (Rekord nr 47548)

Szczegóły MARC
000 -ETYKIETA REKORDU
podpole kontrolne o stałej długości 00638nam a2200217 i 4500
001 - NUMER KONTROLNY REKORDU
pole kontrolne bgj
020 ## - MIĘDZYNARODOWY ZNORMALIZOWANY NUMER KSIĄŻKI - ISBN
ISBN 0878579117
040 ## - ŹRÓDŁO KATALOGOWANIA
Instytucja, która utworzyła rekord BPK
041 0# - KOD JĘZYKA
Kod języka tekstu eng
920 ## - Międzynarodowy znormalizowany numer książki – ISBN
ISBN 0-87857-911-7
008 - POLE O STAŁEJ DŁUGOŚCI - DANE KONTROLNE
podpole kontrolne o stałej długości s uk f |000 0 eng
100 1# - NAZWA OSOBOWA
Nazwa osobowa COX, Jeff.
245 10 - TYTUŁ/ODPOWIEDZIALNOŚĆ
Tytuł Landscaping with nature :
Ciąg dalszy tytułu using nature's designs to plan your yard /
Pozostałe elementy strefy tytułu i oznaczenia odpowiedzialności Jeff Cox.
260 ## - STREFA ADRESU WYDAWNICZEGO
Miejsce wydania Emmaus, Pa :
Nazwa wydawcy/dystrybutora Rodale Press,
Data publikacji, dystrybucji/powstania dokumentu c. 1991.
300 ## - STREFA OPISU FIZYCZNEGO
Objętość VII, 344 pp :
Inne cechy fizyczne drawings, photos (col.) ;
Rozmiary 24 cm.
504 ## - UWAGA DOTYCZĄCA BIBLIOGRAFII
Informacje o bibliografii Bibliography p. 331-332.
505 ## - SFORMALIZOWANA UWAGA DOTYCZĄCA ZAWARTOŚCI
Pełny tekst uwagi Includes index.
650 #9 - HASŁO PRZEDMIOTOWE W FORMIE NAZWY OGÓLNEJ LUB JEDNOSTKOWEJ
Nazwa ogólna lub geograficzna Landscape gardening
650 #9 - HASŁO PRZEDMIOTOWE W FORMIE NAZWY OGÓLNEJ LUB JEDNOSTKOWEJ
Nazwa ogólna lub geograficzna Gardening to attract wildlife
942 ## - DODATKOWE ELEMENTY (KOHA)
Typ dokumentu Książka
Egzemplarze
Wycofany Status egzemplarza Uszkodzony Dostępność Lokalizacja stała Lokalizacja bieżąca Miejsce przechowywania Sygnatura Kod kreskowy Typ dokumentu
      Dostępny Biblioteka Politechniki Koszalińskiej Biblioteka Politechniki Koszalińskiej Wypożyczalnia Językowa KA 3916 09038905 Książka
      Dostępny Biblioteka Politechniki Koszalińskiej Biblioteka Politechniki Koszalińskiej Wypożyczalnia Językowa KA 3917 09039049 Książka
© 2023 Biblioteka Politechniki Koszalińskiej :: KOHA